Statistiken für Geographie nach Buchstabe - F

Klicken Sie hier um das Quiz zu spielen!

Allgemein

  • Dieses Quiz wurde 1,379 mal gespielt
  • Das Durchschnittsergebnis liegt bei 14 aus 20

Antwortstatistiken

Hinweis Antwort % Korrekt
Finanzhauptstadt DeutschlandsFrankfurt am
Main
98%
Seine Hauptstadt heißt HelsinkiFinnland
97%
"Sunshine State"Florida
93%
Währung der SchweizFranken
93%
Die Loire, ein schlösserreicher Fluss,
liegt in diesem Land
Frankreich
90%
Hauptstadt der ToskanaFlorenz
89%
Enger Meeresarm. Oft an
norwegischen Küsten zu finden
Fjord
89%
Pazifische InselnationFidschi
88%
Höchster Berg JapansFuji
78%
Argentinien und das Vereinigte Königreich
kämpfen um diese Inseln
Falkland-Inseln
75%
Eine Person aus den Philippinen nennt man ...Filipino
74%
Dänische Inselgruppe zwischen
Britannien und Island
Färöer
71%
Niederländischsprachige Region BelgiensFlandern
68%
Eine Kanarische InselFuerteventura
67%
Marokkanische Stadt oder eine KopfbedeckungFès
57%
Hauptstadt von Sierra LeoneFreetown
56%
Nachbar von DallasFort Worth
28%
Stadt in ZentralalaskaFairbanks
25%
Stadt in Nordarizona, an der Route 66 gelegenFlagstaff
16%
Kanadische Bucht mit dem weltgrößten TidenhubFundy
13%

Verteilung der Resultate

Perzentil nach korrekt beantworteten Fragen

Anzahl Personen mit jedem Resultat

Ihre Resultats-Entwicklung

Sie haben dieses Quiz noch nicht gespielt